00000000nam##2200000za#4500
0019.697647
003CaOODSP
00520210624235556
007cr |||||||||||
008150407|2009||||xxc|||||o    f|0| 0 eng|d
040 |aCaOODSP|beng
043 |an-cn---
0861 |aH14-104/2009E-PDF
1101 |aCanada. |bHealth Canada.
24510|aAudit of 2010 Olympic readiness : |h[electronic resource]|bfinal audit report / |c[by] Audit and Accountability Bureau.
260 |aOttawa - Ontario : |bHealth Canada |cDecember 2009.
300 |a16p.|btables
590 |a13-10-Supp|b2013-04-13
69007|aOlympic games|2gcpds
77508|tVérification de la préparation aux Jeux olympiques de 2010 : |w(CaOODSP)9.641683
85640|ahttp://publications.gc.ca|qPDF|s64 KB|uhttps://publications.gc.ca/collections/collection_2013/sc-hc/H14-104-2009-eng.pdf